Hlavné zmeny SPP po Fischlerovej reforme
Počas skoro 50 rokov existencie výrazne zmenila svoju podobu (primárne ciele SPP vytýčené v Rímskych zmluvách boli splnené už dávno), aj keď silný protekcionizmus naďalej pretrváva. Jeho miera sa však postupne znižuje, a to najmä kvôli medzinárodným liberalizačným snahám na pôde GATT, neskôr WTO. V...
Salvato in:
| Autore principale: | |
|---|---|
| Natura: | Capitolo di libro |
| Lingua: | slovacco |
| Soggetti: | |
| Tags: |
Nessun Tag, puoi essere il primo ad aggiungerne!!
|
MARC
| LEADER | 00000nla$a2200000$$$4500 | ||
|---|---|---|---|
| 001 | 0094137 | ||
| 005 | 20240502083238.8 | ||
| 041 | 0 | |a slo | |
| 044 | |a CZ | ||
| 245 | 1 | 0 | |a Hlavné zmeny SPP po Fischlerovej reforme |c Martina Obedová |
| 520 | |a Počas skoro 50 rokov existencie výrazne zmenila svoju podobu (primárne ciele SPP vytýčené v Rímskych zmluvách boli splnené už dávno), aj keď silný protekcionizmus naďalej pretrváva. Jeho miera sa však postupne znižuje, a to najmä kvôli medzinárodným liberalizačným snahám na pôde GATT, neskôr WTO. V súčasnej dobe môžeme považovať chápanie SPP za multifunkčné. Na aktuálne výzvy svetového hospodárstva ako napr. potravinová kríza v roku 2007 reaguje EÚ „zdravotnou prehliadkou SPP“, na základe ktorej bude prijatá nová reforma s cieľom zmodernizovať, zjednodušiť a zefektívniť SPP. Hlavné zmeny v SPP na základe Fischlerovej reformy. Aktuálne prijaté opatrenia v rámci SPP. | ||
| 610 | 2 | 0 | |a politika poľnohospodárska |
| 610 | 2 | 0 | |a reformy |
| 610 | 2 | 0 | |a reformy poľnohospodárske |
| 100 | 1 | |a Obedová, Martina | |